Information,communication and society / (Record no. 75177)

MARC details
000 -LEADER
fixed length control field 00594nam a22001937a 4500
005 - DATE AND TIME OF LATEST TRANSACTION
control field 20130508111912.0
010 ## - LCCN (DPL NO)
LC control number ENG-106998
020 ## - INTERNATIONAL STANDARD BOOK NUMBER
International Standard Book Number 9788170006619
Terms of availability 1150.00
035 ## - SYSTEM CONTROL NUMBER
System control number EN-90531
037 ## - SOURCE OF ACQUISITION
Source of stock number/acquisition DBAD/PUB
082 ## - DEWEY DECIMAL CLASSIFICATION NUMBER
Classification number 303.4833
100 ## - MAIN ENTRY--PERSONAL NAME
Personal name Mukherjee, Bhaskar
245 ## - TITLE STATEMENT
Title Information,communication and society /
Statement of responsibility, etc by Bhaskar Mukherjee
260 ## - PUBLICATION, DISTRIBUTION, ETC. (IMPRINT)
Place of publication, distribution, etc New Delhi
Name of publisher, distributor, etc ESS ESS Publications
Date of publication, distribution, etc 2012
270 ## - ADDRESS
Address 4837/24, Ansari Road, Daryaganj
City New Delhi
Postal code 110002
300 ## - PHYSICAL DESCRIPTION
Extent xvi,714p.:
Other physical details ill.
Dimensions 23cm(Hb)
500 ## - GENERAL NOTE
General note Includes index
942 ## - ADDED ENTRY ELEMENTS (KOHA)
Source of classification or shelving scheme Dewey Decimal Classification
Item type English Books
Classification part 303.4833
Call number suffix MUK
Holdings
Withdrawn status Lost status Not for loan Collection code Home library Current library Date acquired Source of acquisition Cost, normal purchase price Full call number Barcode Copy number Cost, replacement price Koha item type
    Not For Loan Non-fiction D.B.Act.Division D.B.Act.Division 07/05/2013 DBAD/PUB 1150.00 303.4833 MUK EN-90531 1 1150.00 English Books

© Delhi Public Library
Hit Counter
free hit counter